000 00377nam a2200133Ia 4500
008 230312s9999||||xx |||||||||||||| ||und||
082 _a891.4
_bARS-C
100 _aمحمد ارشد اعوان
245 0 _aکیمُونِیکیشن سکلز اینڈ رِپورٹ رائٹنگ
260 _bAllied book
_apak
_c2013
300 _a221
650 _aUrdu Literature
942 _cBK
999 _c13455
_d13455